| 000 | 00910nam a2200277Ia 4500 | ||
|---|---|---|---|
| 003 | OSt | ||
| 005 | 20221007123613.0 | ||
| 006 | a|||||r|||| 00| 0 | ||
| 007 | ta | ||
| 008 | 221006b |||||||| |||| 00| 0 eng d | ||
| 020 |
_a0070992495 (pbk) _cRs. 235.00 |
||
| 024 | _a76479 | ||
| 037 |
_b1704, 13/02/2007, Unilib Book Distributors _cTextbook |
||
| 040 |
_aPAPL _cPAPL _beng |
||
| 041 |
_2eng _aeng |
||
| 082 | _aC9B3, L1 Carpa | ||
| 100 |
_aCohen Bernard L _9717473 |
||
| 245 | 0 | _aConcepts of nuclear physics | |
| 260 |
_aNew _bYork McGraw-Hill, Inc. _c1971 |
||
| 300 |
_axii, 435p. _ccm. |
||
| 500 | _aAppendix 411-423p; Bibliographical references 424-426p.; Index 427-435p. | ||
| 650 |
_a Nuclear physics _9543687 |
||
| 650 | _aPhysics | ||
| 942 |
_hC9B3, L1 Carpa _cTB _2CC |
||
| 999 |
_c1212180 _d1212180 |
||